Khảo sát dòng chảy ngầm trong khu đất ngập nước kiến tạo ở khu I-Đại học Cần Thơ : Luận văn tốt nghiệp đại học

Sparad:
Bibliografiska uppgifter
Huvudupphovsman: Trần, Hải Đăng
Materialtyp: Bok
Språk:Undetermined
Publicerad: Cần Thơ Trường Đại học Cần Thơ 2006
Ämnen:
Taggar: Lägg till en tagg
Inga taggar, Lägg till första taggen!
Thư viện lưu trữ: Trung tâm Học liệu Trường Đại học Cần Thơ
LEADER 00815nam a2200205Ia 4500
001 CTU_143199
008 210402s9999 xx 000 0 und d
082 |a 333.9115 
082 |b Đ116 
088 |a 1020955 
100 |a Trần, Hải Đăng 
245 0 |a Khảo sát dòng chảy ngầm trong khu đất ngập nước kiến tạo ở khu I-Đại học Cần Thơ : 
245 0 |b Luận văn tốt nghiệp đại học 
245 0 |c Trần Hải Đăng ; Lê Anh Tuấn (Giáo viên hướng dẫn) 
260 |a Cần Thơ 
260 |b Trường Đại học Cần Thơ 
260 |c 2006 
650 |a Water resources development,Phát triên nguồn nước 
904 |i Tuyến 
980 |a Trung tâm Học liệu Trường Đại học Cần Thơ